| 000 | 00426nam a2200169Ia 4500 | ||
|---|---|---|---|
| 005 | 20250423101237.0 | ||
| 008 | 250422s9999 xx 000 0 und d | ||
| 020 | _a0406937788 | ||
| 050 | _aK 140. M5/ | ||
| 100 | _aThert.Hon ,Lord Millett | ||
| 245 | 4 | _aThe Encyclopidia OF Forms and Precedent | |
| 260 | _aLondon | ||
| 260 | _bButherworths LexisNexis | ||
| 260 | _c2002 | ||
| 650 | _aforms and precedent | ||
| 942 | _cBK | ||
| 999 |
_c35723 _d35723 |
||